[Event "Scarborough CC-ch Reserves"]
[Site "Toronto"]
[Date "2012.05.03"]
[Round "7"]
[White "Zhao, Yanchun"]
[Black "Rutherdale, William"]
[Result "1/2-1/2"]
[WhiteElo "1409"]
[BlackElo "1658"]
[PlyCount "90"]
[EventDate "2012.03.22"]
[EventType "swiss"]
[EventRounds "9"]
[EventCountry "CAN"]
[SourceTitle "EXT 2022"]
[Source "ChessBase"]
[SourceDate "2021.10.06"]
[SourceVersion "1"]
[SourceVersionDate "2021.10.06"]
[SourceQuality "1"]

1. d4 d5 2. c4 c6 3. Nc3 Nf6 4. Nf3 e6 5. Bg5 Nbd7 6. e3 Bd6 7. a3 0-0 8. e4 dxe4 9. Nxe4 Be7 10. Nxf6+ Bxf6 11. Bf4 c5 12. Be3 b6 13. Rb1 Bb7 14. Be2 Be4 15. Rc1 Qe7 16. Bd3 Bxf3 17. Qxf3 cxd4 18. Qe4 g6 19. Bxd4 Nc5 20. Bxc5 Qxc5 21. b4 Qg5 22. 0-0 Rab8 23. a4 Rfd8 24. Rfd1 Rd4 25. Qf3 Be7 26. Rb1 Rbd8 27. Be2 Rxd1+ 28. Bxd1 Qd2 29. Qe2 Qxe2 30. Bxe2 Rd2 31. Kf1 Kg7 32. h3 Ra2 33. Bd1 Kf6 34. f4 Kf5 35. g3 Ke4 36. a5 Kd4 37. axb6 a5 38. Be2 Ke3 39. Bd1 Kd3 40. h4 Kc3 41. b5 Bc5 42. Be2 Kd2 43. Rd1+ Ke3 44. Rd3+ Ke4 45. Rd1 Ke3 1/2-1/2

[Event "Scarborough CC-ch Reserves"]
[Site "Toronto"]
[Date "2012.04.05"]
[Round "3"]
[White "Rutherdale, William"]
[Black "Graham, John"]
[Result "0-1"]
[WhiteElo "1658"]
[BlackElo "1450"]
[PlyCount "96"]
[EventDate "2012.03.22"]
[EventType "swiss"]
[EventRounds "9"]
[EventCountry "CAN"]
[SourceTitle "EXT 2022"]
[Source "ChessBase"]
[SourceDate "2021.10.06"]
[SourceVersion "1"]
[SourceVersionDate "2021.10.06"]
[SourceQuality "1"]

1. d4 d6 2. c4 Bd7 3. Nf3 Nf6 4. Nc3 g6 5. g3 Bg7 6. Bg2 0-0 7. 0-0 Nc6 8. d5 Nb4 9. Qb3 c5 10. a3 Qa5 11. Bd2 Na6 12. Ne4 Qb6 13. Nxf6+ Bxf6 14. Qxb6 axb6 15. Rab1 Nc7 16. Bh6 Rfb8 17. Nd2 b5 18. Rfd1 bxc4 19. Nxc4 b5 20. Nd2 b4 21. axb4 Rxb4 22. b3 Nb5 23. Rbc1 Nd4 24. Kf1 Nxb3 25. Nxb3 Rxb3 26. Be4 Rb4 27. Bf3 Bf5 28. Bd2 Rba4 29. Bc3 Kg7 30. e3 Ra3 31. Bxf6+ Kxf6 32. Be2 Rb8 33. Rd2 Rab3 34. Bc4 Rb1 35. Rdd1 Rxc1 36. Rxc1 Rb4 37. Ke2 Bd7 38. Kd3 Bb5 39. Bxb5 Rxb5 40. Rc4 Rb2 41. Rf4+ Kg7 42. Kc3 Ra2 43. Kd3 g5 44. Rf3 Ra4 45. Kc2 Kg6 46. g4 Rxg4 47. Kc3 f5 48. Rh3 Rh4 0-1

[Event "Scarborough CC Frost U1800"]
[Site "Toronto"]
[Date "2012.02.02"]
[Round "5"]
[White "Rutherdale, William"]
[Black "Crnilovic, Grisha"]
[Result "1-0"]
[WhiteElo "1691"]
[BlackElo "1592"]
[PlyCount "80"]
[EventDate "2012.01.05"]
[EventType "swiss"]
[EventRounds "6"]
[EventCountry "CAN"]
[SourceTitle "EXT 2022"]
[Source "ChessBase"]
[SourceDate "2021.10.06"]
[SourceVersion "1"]
[SourceVersionDate "2021.10.06"]
[SourceQuality "1"]

1. d4 e5 2. e3 exd4 3. exd4 d6 4. c4 Nf6 5. Nc3 Be7 6. Nf3 Bg4 7. Be2 Qd7 8. Be3 Nc6 9. d5 Bxf3 10. dxc6 Bxc6 11. Bf3 0-0 12. 0-0 Bxf3 13. Qxf3 c6 14. Rad1 Qc7 15. Rfe1 Rfe8 16. Rd4 Rad8 17. Red1 Bf8 18. Rh4 Qe7 19. h3 a6 20. Bg5 Qe5 21. Bxf6 Qxf6 22. Qxf6 gxf6 23. Ne4 Be7 24. Rg4+ Kh8 25. Ng3 Rg8 26. Rxg8+ Kxg8 27. Nf5 Bf8 28. Kf1 d5 29. Rd4 Re8 30. cxd5 cxd5 31. Rxd5 Re5 32. Rxe5 fxe5 33. Ke2 f6 34. Ke3 Kf7 35. Ke4 Ke6 36. f4 Bd6 37. Nxd6 Kxd6 38. fxe5+ fxe5 39. g4 b5 40. b4 Ke6 1-0

[Event "Scarborough CC Frost U1800"]
[Site "Toronto"]
[Date "2012.01.12"]
[Round "2"]
[White "Yie, Kevin Yi Xiao"]
[Black "Rutherdale, William"]
[Result "1-0"]
[WhiteElo "1573"]
[BlackElo "1691"]
[PlyCount "62"]
[EventDate "2012.01.05"]
[EventType "swiss"]
[EventRounds "6"]
[EventCountry "CAN"]
[SourceTitle "EXT 2022"]
[Source "ChessBase"]
[SourceDate "2021.10.06"]
[SourceVersion "1"]
[SourceVersionDate "2021.10.06"]
[SourceQuality "1"]

1. d4 d5 2. c4 c6 3. Nf3 Nf6 4. e3 e6 5. Nc3 Bd6 6. Bd3 Nbd7 7. 0-0 0-0 8. b3 e5 9. Bb2 e4 10. cxd5 cxd5 11. Nxd5 exd3 12. Nxf6+ Nxf6 13. Qxd3 Bg4 14. e4 Bxf3 15. Qxf3 Be7 16. Rfd1 Qd7 17. d5 Qg4 18. Qxg4 Nxg4 19. h3 Nf6 20. e5 Ne4 21. Rd4 Nc5 22. d6 Bd8 23. Rd5 Ne6 24. Ba3 Bb6 25. d7 Rfd8 26. Be7 Rdb8 27. Rad1 Bd8 28. Bd6 Bc7 29. Bxc7 Nxc7 30. d8Q+ Ne8 31. Qe7 h6 1-0

[Event "Scarborough CC Spring Into Summer U2000"]
[Site "Toronto"]
[Date "2011.05.12"]
[Round "2"]
[White "Verde, Pino"]
[Black "Rutherdale, William"]
[Result "1-0"]
[WhiteElo "1660"]
[BlackElo "1697"]
[PlyCount "35"]
[EventDate "2011.04.28"]
[EventType "swiss"]
[EventRounds "9"]
[EventCountry "CAN"]
[SourceTitle "EXT 2022"]
[Source "ChessBase"]
[SourceDate "2021.10.06"]
[SourceVersion "1"]
[SourceVersionDate "2021.10.06"]
[SourceQuality "1"]

1. e4 e5 2. Nf3 Nc6 3. Bc4 Bc5 4. c3 d6 5. d4 exd4 6. 0-0 Qe7 7. cxd4 Bb6 8. Nc3 Bg4 9. Nd5 Qd7 10. Qd3 0-0-0 11. Ng5 Bh5 12. Be3 f6 13. Ne6 Re8 14. Nxb6+ axb6 15. d5 Na5 16. Bb5 c6 17. Rfc1 Kb8 18. Bxb6 1-0

[Event "Scarborough CC-ch Reserves"]
[Site "Toronto"]
[Date "2011.04.14"]
[Round "8"]
[White "Morra, Lui"]
[Black "Rutherdale, William"]
[Result "1-0"]
[WhiteElo "1831"]
[BlackElo "1676"]
[PlyCount "71"]
[EventDate "2011.02.24"]
[EventType "swiss"]
[EventRounds "9"]
[EventCountry "CAN"]
[SourceTitle "EXT 2022"]
[Source "ChessBase"]
[SourceDate "2021.10.06"]
[SourceVersion "1"]
[SourceVersionDate "2021.10.06"]
[SourceQuality "1"]

1. b3 c5 2. Bb2 Nf6 3. Nf3 Nc6 4. g3 b6 5. c4 e6 6. Bg2 Bb7 7. 0-0 Be7 8. e3 0-0 9. d4 d5 10. cxd5 exd5 11. Nc3 Re8 12. a3 Bf8 13. dxc5 bxc5 14. Rc1 Qd7 15. Na4 Ne4 16. Nd2 Ba6 17. Re1 Qf5 18. Nxe4 dxe4 19. Qc2 Bd3 20. Qc3 c4 21. Rcd1 Ne5 22. bxc4 Rac8 23. c5 Bxc5 24. Nxc5 Rxc5 25. Qb4 Nf3+ 26. Bxf3 exf3 27. Qd4 f6 28. Qxd3 Qg4 29. Qd7 Re6 30. Qb7 Re8 31. Rd4 Qh5 32. Rh4 Qf5 33. Rf4 Qc2 34. Rxf3 Qd2 35. Rf1 Rc2 36. Bd4 1-0

[Event "Toronto Scarborough CC Frost op"]
[Site "Toronto"]
[Date "2010.01.07"]
[Round "1"]
[White "Casareno, Erwin"]
[Black "Rutherdale, William"]
[Result "1-0"]
[WhiteElo "2204"]
[BlackElo "1737"]
[PlyCount "59"]
[EventDate "2010.01.07"]
[EventType "swiss"]
[EventRounds "6"]
[EventCountry "CAN"]
[SourceTitle "EXT 2011"]
[Source "ChessBase"]
[SourceDate "2010.11.26"]
[SourceVersion "1"]
[SourceVersionDate "2010.11.26"]
[SourceQuality "1"]

1. e4 e5 2. Nf3 Nc6 3. Bc4 Bc5 4. c3 Nf6 5. b4 Bb6 6. d3 d6 7. 0-0 h6 8. a4 a5 9. b5 Ne7 10. Nbd2 0-0 11. d4 Ng6 12. Re1 Re8 13. Qb3 Qe7 14. dxe5 dxe5 15. Ba3 Qd7 16. Nf1 Nh8 17. h3 c5 18. bxc6 Qxc6 19. Bb5 Qe6 20. Bc4 Qc6 21. Ng3 Be6 22. Nxe5 Bxc4 23. Nxc4 Bc5 24. Bxc5 Qxc5 25. Rad1 Ng6 26. Nd6 Re7 27. Nxb7 Qc6 28. Nd6 Nd7 29. Ndf5 Re6 30. Nd4 1-0

[Event "Toronto Scarborough CC Falling Leaves"]
[Site "Toronto"]
[Date "2009.12.10"]
[Round "6"]
[White "Farhang, Arvin"]
[Black "Rutherdale, William"]
[Result "0-1"]
[WhiteElo "1599"]
[BlackElo "1772"]
[PlyCount "128"]
[EventDate "2009.11.05"]
[EventType "swiss"]
[EventRounds "7"]
[EventCountry "CAN"]
[SourceTitle "EXT 2011"]
[Source "ChessBase"]
[SourceDate "2010.11.26"]
[SourceVersion "1"]
[SourceVersionDate "2010.11.26"]
[SourceQuality "1"]

1. d4 d5 2. c4 c6 3. Nc3 Nf6 4. Nf3 Bf5 5. Bg5 e6 6. e3 Be7 7. Rc1 Nbd7 8. cxd5 cxd5 9. Bb5 0-0 10. 0-0 Rc8 11. Qa4 a6 12. Bxd7 Nxd7 13. Bxe7 Qxe7 14. Rfe1 Nb6 15. Qd1 Qb4 16. Qb3 Qxb3 17. axb3 Rc7 18. Na4 Na8 19. Rxc7 Nxc7 20. Rc1 Nb5 21. Ne5 f6 22. Nd7 Rd8 23. Ndb6 e5 24. dxe5 fxe5 25. Nc3 Nxc3 26. bxc3 Rd6 27. Na4 Rc6 28. c4 b5 29. Nb2 dxc4 30. bxc4 Be6 31. c5 a5 32. f3 a4 33. Nd3 Bc4 34. Nxe5 Rxc5 35. Nd3 Rc8 36. Nb4 Kf7 37. Kf2 Ke6 38. e4 Kd6 39. Ke3 Kc5 40. Nd3+ Kb6 41. e5 Rd8 42. Nb4 Kc5 43. Rb1 a3 44. Na6+ Kb6 45. Nb4 a2 46. Ra1 Ra8 47. Kd2 Kc5 48. Kc3 Ra3+ 49. Kb2 Kxb4 50. f4 Ra8 51. f5 Kc5 52. e6 Kd6 53. g4 h6 54. h4 Ke7 55. Rd1 Rd8 56. Ra1 Rd2+ 57. Kc3 Rg2 58. Rd1 Rg3+ 59. Kb4 Rxg4 60. Rd7+ Kf6 61. Rf7+ Ke5 62. Ra7 Bxe6+ 63. Kxb5 Kxf5 64. Rxa2 Bxa2 0-1

[Event "Toronto Scarborough CC Falling Leaves"]
[Site "Toronto"]
[Date "2009.11.12"]
[Round "2"]
[White "Rutherdale, William"]
[Black "Armstrong, Robert J"]
[Result "0-1"]
[WhiteElo "1772"]
[BlackElo "1829"]
[PlyCount "62"]
[EventDate "2009.11.05"]
[EventType "swiss"]
[EventRounds "7"]
[EventCountry "CAN"]
[SourceTitle "EXT 2011"]
[Source "ChessBase"]
[SourceDate "2010.11.26"]
[SourceVersion "1"]
[SourceVersionDate "2010.11.26"]
[SourceQuality "1"]

1. d4 g6 2. Nf3 Bg7 3. c4 Nf6 4. Nc3 0-0 5. e4 d6 6. Be2 Nc6 7. 0-0 e5 8. d5 Ne7 9. Bg5 Nd7 10. Nd2 f6 11. Be3 f5 12. f4 exf4 13. Bxf4 Ne5 14. Bg5 h6 15. Bh4 g5 16. Bf2 f4 17. Rc1 g4 18. Bh4 Qe8 19. Nb5 Qd7 20. Nd4 N7g6 21. Bf2 Qe7 22. N2b3 Nh4 23. Ne6 Bxe6 24. dxe6 f3 25. Bxh4 Qxh4 26. gxf3 Nxf3+ 27. Bxf3 Be5 28. Rc2 gxf3 29. Rxf3 Qxe4 30. Rg2+ Kh8 31. Qc1 Rxf3 0-1

[Event "Toronto Howard Ridout op"]
[Site "Toronto"]
[Date "2009.10.01"]
[Round "4"]
[White "Al Ganabi, Haqi"]
[Black "Rutherdale, William"]
[Result "1-0"]
[WhiteElo "1882"]
[BlackElo "1741"]
[PlyCount "45"]
[EventDate "2009.09.10"]
[EventType "swiss"]
[EventRounds "8"]
[EventCountry "CAN"]
[SourceTitle "EXT 2011"]
[Source "ChessBase"]
[SourceDate "2010.11.26"]
[SourceVersion "1"]
[SourceVersionDate "2010.11.26"]
[SourceQuality "1"]

1. e4 e5 2. f4 exf4 3. Nf3 g5 4. Bc4 Bg7 5. 0-0 d6 6. d4 h6 7. c3 Nc6 8. h4 Qe7 9. Na3 Bd7 10. b4 0-0-0 11. b5 Nb8 12. Qa4 Nf6 13. Qxa7 Rde8 14. Rb1 Be6 15. Bd3 Nfd7 16. e5 dxe5 17. Be4 Qd6 18. Qxb7+ Kd8 19. b6 c5 20. d5 Bg4 21. Nc4 Qf6 22. d6 Bxf3 23. Qc7# 1-0

[Event "Toronto Howard Ridout op"]
[Site "Toronto"]
[Date "2009.09.24"]
[Round "3"]
[White "Rutherdale, William"]
[Black "Wiebe, Daniel"]
[Result "1-0"]
[WhiteElo "1741"]
[BlackElo "1929"]
[PlyCount "69"]
[EventDate "2009.09.10"]
[EventType "swiss"]
[EventRounds "8"]
[EventCountry "CAN"]
[SourceTitle "EXT 2011"]
[Source "ChessBase"]
[SourceDate "2010.11.26"]
[SourceVersion "1"]
[SourceVersionDate "2010.11.26"]
[SourceQuality "1"]

1. d4 Nf6 2. Nf3 g6 3. g3 Bg7 4. Bg2 d6 5. c4 0-0 6. Nc3 Nbd7 7. 0-0 Re8 8. b3 e5 9. e3 Kh8 10. Bb2 Ng8 11. dxe5 Nxe5 12. Nd4 Bg4 13. f3 Bd7 14. Qd2 Nc6 15. Nd5 Nf6 16. Nxc6 Bxc6 17. Nxf6 Bxf6 18. Rfe1 Kg8 19. Rad1 b6 20. Bxf6 Qxf6 21. Qd4 Qf5 22. f4 Bxg2 23. Kxg2 Qa5 24. Rd2 Qb4 25. Red1 a5 26. Rd3 a4 27. bxa4 Rxa4 28. R1d2 Qxc4 29. Qb2 Rea8 30. a3 Qa6 31. Rc3 Rxa3 32. Rxc7 Rxe3 33. Qf6 Rf8 34. Rxd6 Re2+ 35. Kh3 1-0

[Event "Toronto Howard Ridout op"]
[Site "Toronto"]
[Date "2009.09.17"]
[Round "2"]
[White "Rutherdale, William"]
[Black "Paterson, Jim"]
[Result "0-1"]
[WhiteElo "1741"]
[BlackElo "1839"]
[PlyCount "90"]
[EventDate "2009.09.10"]
[EventType "swiss"]
[EventRounds "8"]
[EventCountry "CAN"]
[SourceTitle "EXT 2011"]
[Source "ChessBase"]
[SourceDate "2010.11.26"]
[SourceVersion "1"]
[SourceVersionDate "2010.11.26"]
[SourceQuality "1"]

1. d4 e6 2. Nf3 c5 3. d5 exd5 4. Qxd5 Nf6 5. Qd1 Nc6 6. Bg5 h6 7. Bh4 Be7 8. e3 a6 9. Be2 d5 10. 0-0 0-0 11. c4 Be6 12. cxd5 Nxd5 13. Bxe7 Qxe7 14. a3 Rfd8 15. Qc2 Rac8 16. Nc3 b5 17. Rfd1 Nb6 18. Rac1 Na5 19. Rxd8+ Rxd8 20. Bf1 Bb3 21. Qe4 Re8 22. Bd3 Qxe4 23. Nxe4 c4 24. Bb1 Na4 25. Ned2 Nxb2 26. Nd4 Ba4 27. Bc2 Bxc2 28. Nxc2 Rd8 29. Nf3 Nb3 30. Rb1 Rd1+ 31. Rxd1 Nxd1 32. Kf1 Nc3 33. Ke1 Kf8 34. Nfd4 Nxd4 35. exd4 Ke7 36. Kd2 Nd5 37. Nb4 Nc7 38. Ke3 Kd6 39. Ke4 a5 40. Nc2 Nd5 41. g3 b4 42. axb4 axb4 43. f4 b3 44. Na3 Nc3+ 45. Ke3 Kd5 0-1

[Event "Scarborough CC Jack Frost"]
[Site "Toronto"]
[Date "2009.02.19"]
[Round "7"]
[White "Paterson, Jim"]
[Black "Rutherdale, William"]
[Result "1-0"]
[WhiteElo "1809"]
[BlackElo "1752"]
[PlyCount "57"]
[EventDate "2009.01.08"]
[EventType "swiss"]
[EventRounds "7"]
[EventCountry "CAN"]
[SourceTitle "EXT 2011"]
[Source "ChessBase"]
[SourceDate "2010.11.26"]
[SourceVersion "1"]
[SourceVersionDate "2010.11.26"]
[SourceQuality "1"]

1. e3 c5 2. f4 d5 3. Bb5+ Bd7 4. Bxd7+ Qxd7 5. Nf3 Nc6 6. d3 e6 7. Nc3 a6 8. a4 Bd6 9. Bd2 Nge7 10. e4 d4 11. Ne2 e5 12. 0-0 0-0 13. f5 Rac8 14. Qe1 f6 15. Qg3 Qe8 16. Qh3 Nb8 17. b3 Nd7 18. Nh4 Rf7 19. g4 Nf8 20. g5 fxg5 21. Bxg5 Qd7 22. Qg2 Rb8 23. Ng3 Bc7 24. Nh5 Bd8 25. f6 Neg6 26. fxg7 Nxh4 27. gxf8Q+ Kxf8 28. Bxh4 Bxh4 29. Qg7+ 1-0

[Event "Scarborough CC Fall Swiss"]
[Site "Toronto"]
[Date "2008.11.27"]
[Round "5"]
[White "Samaroo, Muneshwar"]
[Black "Rutherdale, William"]
[Result "1/2-1/2"]
[WhiteElo "1646"]
[BlackElo "1756"]
[PlyCount "95"]
[EventDate "2008.10.30"]
[EventType "swiss"]
[EventRounds "8"]
[EventCountry "CAN"]
[SourceTitle "EXT 2011"]
[Source "ChessBase"]
[SourceDate "2010.11.26"]
[SourceVersion "1"]
[SourceVersionDate "2010.11.26"]
[SourceQuality "1"]

1. e4 b6 2. Nf3 Bb7 3. Nc3 e6 4. d4 Bb4 5. Be2 Bxe4 6. 0-0 Bxc3 7. bxc3 Nf6 8. Ba3 d6 9. Ng5 Bc6 10. Bd3 h6 11. Nh3 Nbd7 12. Re1 0-0 13. c4 Bb7 14. c3 c5 15. Bc2 Ba6 16. Bb3 Qc7 17. Rc1 Rfd8 18. Qf3 b5 19. cxb5 Bxb5 20. c4 Ba6 21. Bb2 Bb7 22. d5 a5 23. a4 Qb6 24. Qc3 e5 25. Bc2 Qb4 26. f3 Ba6 27. Bd3 Nb6 28. f4 Nxa4 29. Qxb4 axb4 30. Ba1 Nxd5 31. Be4 Ndc3 32. Bxa8 Rxa8 33. fxe5 dxe5 34. Bxc3 Nxc3 35. Rxe5 Bxc4 36. Rc2 Ra1+ 37. Kf2 b3 38. Rxc3 b2 39. Rxc4 b1Q 40. Rexc5 Qf1+ 41. Kg3 Ra3+ 42. Kh4 Qxg2 43. Rc3 Rxc3 44. Rxc3 Qxh2 45. Rf3 g5+ 46. Kg4 Kg7 47. Nxg5 hxg5 48. Kxg5 1/2-1/2

[Event "Toronto Howard Ridout op"]
[Site "Toronto"]
[Date "2008.09.18"]
[Round "2"]
[White "Rutherdale, William"]
[Black "Wu, Aaron"]
[Result "1/2-1/2"]
[WhiteElo "1739"]
[BlackElo "1860"]
[PlyCount "61"]
[EventDate "2008.09.11"]
[EventType "swiss"]
[EventRounds "7"]
[EventCountry "CAN"]
[SourceTitle "EXT 2011"]
[Source "ChessBase"]
[SourceDate "2010.11.26"]
[SourceVersion "1"]
[SourceVersionDate "2010.11.26"]
[SourceQuality "1"]

1. d4 Nf6 2. c4 g6 3. Nf3 Bg7 4. Nc3 0-0 5. g3 d5 6. cxd5 Nxd5 7. Bg2 Nxc3 8. bxc3 c5 9. Bb2 Qb6 10. Qd2 Nc6 11. 0-0 Bg4 12. e3 Na5 13. Qe2 Qe6 14. Rfe1 Qc4 15. h3 Bd7 16. Nd2 Qa4 17. Rec1 Rac8 18. Qd3 cxd4 19. c4 dxe3 20. Bxg7 exd2 21. Qxd2 Kxg7 22. Rd1 Bc6 23. Bf1 Bf3 24. Qc3+ Kg8 25. Qxf3 Nxc4 26. Qxb7 Nd6 27. Qxe7 Nf5 28. Qf6 Rc6 29. Qe5 Re6 30. Qc3 Rfe8 31. a3 1/2-1/2

[Event "Scarborough CC Early Summer"]
[Site "Toronto"]
[Date "2008.05.22"]
[Round "3"]
[White "Gillis, Doug"]
[Black "Rutherdale, William"]
[Result "1-0"]
[WhiteElo "1580"]
[BlackElo "1792"]
[PlyCount "55"]
[EventDate "2008.05.08"]
[EventType "swiss"]
[EventRounds "8"]
[EventCountry "CAN"]
[SourceTitle "EXT 2011"]
[Source "ChessBase"]
[SourceDate "2010.11.26"]
[SourceVersion "1"]
[SourceVersionDate "2010.11.26"]
[SourceQuality "1"]

1. e4 c6 2. d4 d5 3. exd5 cxd5 4. c4 Nf6 5. c5 Nc6 6. Bb5 e6 7. Bxc6+ bxc6 8. Qa4 Qc7 9. Ne2 Be7 10. Bf4 Qb7 11. 0-0 0-0 12. Qc2 Nh5 13. Nd2 Nxf4 14. Nxf4 Qb4 15. Nf3 Ba6 16. Rfe1 Rab8 17. b3 Bf6 18. Rad1 Rfe8 19. Ne5 Bxe5 20. Rxe5 f6 21. Rxe6 Rxe6 22. Nxe6 Re8 23. a3 Qb8 24. Qf5 Bc8 25. Re1 Qxb3 26. Rb1 Rxe6 27. Qxe6+ Bxe6 28. Rxb3 1-0

[Event "Scarborough CC Early Summer"]
[Site "Toronto"]
[Date "2008.05.15"]
[Round "2"]
[White "Rutherdale, William"]
[Black "Bellomo, Joe"]
[Result "1/2-1/2"]
[WhiteElo "1792"]
[BlackElo "1760"]
[PlyCount "87"]
[EventDate "2008.05.08"]
[EventType "swiss"]
[EventRounds "8"]
[EventCountry "CAN"]
[SourceTitle "EXT 2011"]
[Source "ChessBase"]
[SourceDate "2010.11.26"]
[SourceVersion "1"]
[SourceVersionDate "2010.11.26"]
[SourceQuality "1"]

1. d4 Nf6 2. c4 g6 3. Nf3 Bg7 4. Nc3 0-0 5. e4 d6 6. Be2 Nbd7 7. Qc2 c5 8. 0-0 cxd4 9. Nxd4 Nc5 10. Be3 a6 11. Rfd1 Bd7 12. Rac1 Rc8 13. f3 Re8 14. Qd2 Ne6 15. Nxe6 Bxe6 16. Nd5 Bxd5 17. cxd5 Rxc1 18. Rxc1 Nd7 19. Bd4 f6 20. Qc3 Qb8 21. Qc7 Ne5 22. Qxb8 Rxb8 23. Rc7 Kf8 24. Ba7 Ra8 25. Rxb7 Bh6 26. Bxa6 Rxa7 27. Rxa7 Be3+ 28. Kf1 Bxa7 29. Ke2 Ke8 30. f4 Nd7 31. Bb5 Kd8 32. Bxd7 Kxd7 33. Kd3 Kc7 34. Kc4 Be3 35. f5 g5 36. Kb5 Kb7 37. a4 h5 38. h3 h4 39. b4 Bf2 40. a5 Ba7 41. Ka4 Bd4 42. Kb5 Ba7 43. Ka4 Bd4 44. Kb5 1/2-1/2

[Event "Scarborough CC Spring Swiss"]
[Site "Toronto"]
[Date "2008.04.24"]
[Round "7"]
[White "Rutherdale, William"]
[Black "Perez, Michael"]
[Result "1/2-1/2"]
[WhiteElo "1792"]
[BlackElo "1728"]
[PlyCount "74"]
[EventDate "2008.03.13"]
[EventType "swiss"]
[EventRounds "8"]
[EventCountry "CAN"]
[SourceTitle "EXT 2011"]
[Source "ChessBase"]
[SourceDate "2010.11.26"]
[SourceVersion "1"]
[SourceVersionDate "2010.11.26"]
[SourceQuality "1"]

1. d4 Nf6 2. c4 g6 3. Nc3 Bg7 4. g3 0-0 5. Bg2 d6 6. Nf3 c5 7. 0-0 Nbd7 8. Bg5 h6 9. Bf4 Nh5 10. Be3 cxd4 11. Bxd4 Nhf6 12. Rc1 Nc5 13. Nd5 Nfe4 14. Bxg7 Kxg7 15. Qd4+ e5 16. Nxe5 dxe5 17. Qxe5+ f6 18. Qd4 Bf5 19. g4 Ne6 20. Qe3 Bxg4 21. Qxe4 Bf5 22. Qe3 Rf7 23. Rfd1 Qa5 24. Be4 Bxe4 25. Qxe4 Ng5 26. Qg2 Ne6 27. Rc3 Qxa2 28. h4 Qxb2 29. h5 Rg8 30. Qe4 Nc5 31. Qe3 b6 32. hxg6 Rd7 33. Qf3 Rf8 34. Re3 Kxg6 35. Kh2 Qc2 36. Qg4+ Kf7 37. Qh5+ Qg6 1/2-1/2

[Event "Scarborough CC Spring Swiss"]
[Site "Toronto"]
[Date "2008.04.10"]
[Round "5"]
[White "Muir, Tom"]
[Black "Rutherdale, William"]
[Result "0-1"]
[WhiteElo "1628"]
[BlackElo "1792"]
[PlyCount "86"]
[EventDate "2008.03.13"]
[EventType "swiss"]
[EventRounds "8"]
[EventCountry "CAN"]
[SourceTitle "EXT 2011"]
[Source "ChessBase"]
[SourceDate "2010.11.26"]
[SourceVersion "1"]
[SourceVersionDate "2010.11.26"]
[SourceQuality "1"]

1. d4 Nf6 2. c4 e6 3. Nc3 Bb4 4. Qc2 d5 5. cxd5 Qxd5 6. Nf3 Nc6 7. e3 0-0 8. Bd3 e5 9. 0-0 Bxc3 10. Qxc3 e4 11. Bc4 Qh5 12. Ne1 Na5 13. f3 Nxc4 14. Qxc4 exf3 15. Nxf3 c6 16. b3 Re8 17. Ne5 Be6 18. Qc2 Rac8 19. e4 c5 20. d5 Qxe5 21. dxe6 Qd4+ 22. Kh1 Rxe6 23. Bb2 Qxe4 24. Qf2 b6 25. Rad1 h6 26. Qg3 Qg6 27. Qf3 Rce8 28. Qf2 Re2 29. Qf3 Rxb2 30. Rf2 Rxf2 31. Qxf2 Qh5 32. Qc2 Qe2 33. Qb1 Ng4 34. Rf1 Nf2+ 35. Kg1 Nd3 36. a3 Qe3+ 37. Kh1 Nf2+ 38. Rxf2 Qxf2 39. h3 Re1+ 40. Qxe1 Qxe1+ 41. Kh2 Qe5+ 42. Kg1 Qa1+ 43. Kf2 Qxa3 0-1